Statystyki dla Quiz o Jamajce

Kliknij tutaj aby rozwiązać quiz!

Ogólne statystyki

  • Ten quiz został rozwiązany 662 razy
  • Średni wynik to 12 z 20

Statystyki odpowiedzi

WskazówkaOdpowiedź% Poprawnych
Oficjalny językangielski
95%
Morze, nad którym leży JamajkaMorze {Karaibskie}
95%
StolicaKingston
90%
Najszybszy sprinter wszechczasówUsain Bolt
84%
Państwo, od którego Jamajka uzyskała niepodległość w 1962 rokuWielka Brytania
84%
Pierwszy Europejczyk, który dotarł do JamajkiKrzysztof Kolumb
77%
Łańcuch wysp, których jest częściąWielkie {Antyle}
75%
Wokalista "One Love” i "No Woman, No Cry”Bob Marley
74%
Osoba, która teoretycznie jest głową państwa JamajkiKrólowa {Elżbieta II}
74%
Gatunek muzyczny powyższegoReggae
70%
WalutaDolar jamajski
69%
Język kreolski używany przez większość Jamajczykówjamajski
54%
Dział gospodarki, który stanowi 36% PKBTurystyka
52%
Sport, w którym Jamajka wielokrotnie rywalizowała
na Zimowych Igrzyskach Olimpijskich
Bobsleje
47%
Jamajka ma tego drugi najwyższy wskaźnik na świecie,
ustępując tylko Salwadorowi
Morderstw
42%
Religia afrocentryczna wywodząca się z JamajkiRastafari
40%
Najważniejszy eksport Jamajki w czasach kolonialnychCukier
25%
Popularna miejscowość turystyczna opisana w piosence "Kokomo”Montego Bay
20%
Okolice stolicy znane jako kolebka tego gatunkuTrenchtown
16%
Mieszanka przypraw składająca się z ziela angielskiego,
papryki szkockiej i nie tylko
Jerk
15%

Rozkład punktacji

Percentyl według liczby udzielonych odpowiedzi

Procent ludzi z każdym wynikiem

Twoja historia wyników

Nie rozwiązałeś tego quizu